Journal Of Human Values (Record no. 41536)
[ view plain ]
| 000 -LEADER | |
|---|---|
| fixed length control field | 00331nam a22001337a 4500 |
| 008 - FIXED-LENGTH DATA ELEMENTS--GENERAL INFORMATION | |
| fixed length control field | 240926b |||||||| |||| 00| 0 eng d |
| 022 ## - INTERNATIONAL STANDARD SERIAL NUMBER | |
| International Standard Serial Number | 09716858 |
| 041 ## - LANGUAGE CODE | |
| Language code of text/sound track or separate title | Eng |
| 245 ## - TITLE STATEMENT | |
| Title | Journal Of Human Values |
| 260 ## - PUBLICATION, DISTRIBUTION, ETC. | |
| Place of publication, distribution, etc. | New Dehli |
| Name of publisher, distributor, etc. | Sage Publication |
| Date of publication, distribution, etc. | 2024 |
| 300 ## - PHYSICAL DESCRIPTION | |
| Extent | 90p |
| 856 ## - ELECTRONIC LOCATION AND ACCESS | |
| Uniform Resource Identifier | <a href="journals.sagepub.com/home/jhv">journals.sagepub.com/home/jhv</a> |
| 942 ## - ADDED ENTRY ELEMENTS (KOHA) | |
| Koha item type | Serial |
| Withdrawn status | Lost status | Source of classification or shelving scheme | Damaged status | Not for loan | Home library | Current library | Date acquired | Serial Enumeration / chronology | Total Checkouts | Barcode | Date last seen | Price effective from | Koha item type | Source of acquisition |
|---|---|---|---|---|---|---|---|---|---|---|---|---|---|---|
| Dewey Decimal Classification | IMTN | IMTN | 09/26/2024 | Vol. 30, No. 1 | P19 | 09/26/2024 | 09/26/2024 | Serial | ||||||
| Dewey Decimal Classification | IMTN | IMTN | 09/26/2024 | Vol. 30, No. 2 | P20 | 09/26/2024 | 09/26/2024 | Serial | ||||||
| Dewey Decimal Classification | IMTN | IMTN | 09/26/2024 | Vol. 30, No. 3 | P21 | 09/26/2024 | 09/26/2024 | Serial | ||||||
| Dewey Decimal Classification | IMTN | IMTN | 08/13/2025 | Vol. 31, No. 1 | P753 | 08/13/2025 | 08/13/2025 | Serial | ||||||
| Dewey Decimal Classification | IMTN | IMTN | 05/01/2025 | Vol. 31, No. 2 | P754 | 08/13/2025 | 08/13/2025 | Serial | 2025-08-13 | |||||
| Dewey Decimal Classification | IMTN | IMTN | 09/29/2025 | Vol. 31, No. 3 | P898 | 09/29/2025 | 09/29/2025 | Serial |